Liedtext - Kleine miese Type - Antilopen Gang - Statistiken

Allgemein
  • Dieses Quiz wurde 11 mal gespielt
  • Das Durchschnittsergebnis liegt bei 168 aus 434
Antwortstatistiken
Textquiz % Korrekt
Kleine
100%
miese
100%
Typ
100%
Type
100%
der
78%
Der
78%
die
78%
er
78%
Er
78%
das
67%
ich
67%
sein
67%
ein
56%
Ein
56%
eine
56%
ja
56%
nicht
56%
so
56%
So
56%
und
56%
Und
56%
zu
56%
Alle
44%
auch
44%
bei
44%
dann
44%
Dass
44%
dass
44%
den
44%
dieser
44%
einen
44%
Für
44%
für
44%
im
44%
Immer
44%
ist
44%
Ist
44%
Man
44%
seine
44%
sich
44%
Sind
44%
von
44%
vor
44%
wenn
44%
als
33%
Antilopen
33%
auf
33%
aus
33%
Doch
33%
doch
33%
eines
33%
euch
33%
Frau'n
33%
Gang
33%
hat
33%
ihn
33%
jetzt
33%
kein
33%
Kein
33%
keine
33%
Keine
33%
mache
33%
macht
33%
Mann
33%
mir
33%
nach
33%
nimmt
33%
noch
33%
nur
33%
Poché
33%
Pocher
33%
schön
33%
schon
33%
viel
33%
wär'
33%
war
33%
will
33%
aller
22%
also
22%
daran
22%
diesem
22%
dumm
22%
echter
22%
ey
22%
Frage
22%
ganzen
22%
gegen
22%
genau
22%
gerne
22%
gesagt
22%
gilt
22%
Größe
22%
guten
22%
Haltung
22%
ich's
22%
kleinen
22%
könn'
22%
Konzerten
22%
liebt
22%
muss
22%
niemals
22%
nix
22%
Oli
22%
Oliver
22%
raus
22%
schnelles
22%
Wenn's
22%
willkommen
22%
Alemannia
11%
applaudiert
11%
Atom
11%
aufgeilt
11%
Aura
11%
austeilt
11%
bekommt
11%
Besenkammer
11%
Bombe
11%
brutal
11%
Castings
11%
Charme
11%
clever
11%
Comedy
11%
dahinter
11%
Daily
11%
Dance
11%
Deutsche
11%
doppelbödig
11%
drauf
11%
dritte
11%
Ecken
11%
ehrenhafter
11%
einzige
11%
ekelhafter
11%
Ende
11%
Falls
11%
Familienvater
11%
Fehler
11%
Fernseh'n
11%
Fremdscham
11%
gar
11%
gefallsüchtig
11%
geil
11%
Gericht
11%
Gewinner
11%
Gnade
11%
Hans
11%
Harald
11%
hassen
11%
hat's
11%
ihm
11%
Influencer
11%
Influencerin
11%
Insta
11%
ironisch
11%
Jokes
11%
Kanten
11%
komisch
11%
Kontext
11%
Kumpels
11%
Länder
11%
Let's
11%
lustig
11%
mehrfach
11%
mobbt
11%
Olivia
11%
Plan
11%
Pöbel
11%
provokant
11%
punkten
11%
Racist
11%
Ranschmeißer
11%
RTL
11%
rumzappelt
11%
sagt
11%
Schmidt
11%
schuld
11%
schwangeren
11%
Show
11%
spielt
11%
stand
11%
Strolch
11%
sympathisch
11%
Talent
11%
tragisch
11%
traurig
11%
tritt
11%
überraschend
11%
umbringt
11%
umschalten
11%
unbelehrbar
11%
unten
11%
verbittert
11%
vereinigt
11%
Versicherungsvertreter
11%
Vertrag
11%
Wahl
11%
wenig
11%
Witz
11%
Witze
11%
Wünsche
11%
Zitat
11%
abgewinnen
0%
änderte
0%
anrüchig
0%
Ekelhaftigkeiten
0%
etwas
0%
feste
0%
Hannover
0%
herum
0%
Internet
0%
Jagdunfall
0%
Meiser
0%
Misogyne
0%
Mittvierziger
0%
moralisch
0%
Pointen
0%
Punches
0%
Schreit
0%
steckt
0%
tot
0%
Virus
0%
Keine übereinstimmenden Quizze gefunden
Verteilung der Resultate
Anzahl Personen mit jedem Resultat
Perzentil nach korrekt beantworteten Fragen
Ihre Resultats-Entwicklung
Sie haben dieses Quiz noch nicht gespielt